01721nam a2200469 i 450000100060000000300090000600500170001500800410003201500180007303500230009103500360011403500140015003500210016403500230018503500440020804000340025204100130028604600090029908000150030808000120032324502980033526000280063330000480066133600270070933700540073633800280079038000160081838800140083438800140084850400240086265000220088665000260090865100160093465500190095065800250096970000320099485600980102694200120112499900170113695200490115395200490120231411KOSZ 00520220826145610.0970510s1992 pl |000 0 pol  aUWD 1994/3965 a991000474859705066 a(PL-WaBN)b10169489-48omnis_nlop ab10169489 a(OCoLC)830053166 a(PL)b0000001016948 a(EXLNZ-48OMNIS_NETWORK)9910083219905606 aWA NcWA NdWA NdKOSZ 005/HR0 apolaeng k1992 a502.6(438) a55(438)00aWaloryzacja przyrody nieożywionej obszarów i obiektów chronionych w Polsce =bEvaluation of inanimate nature of protected areas and objects in Poland : (z mapą 1 : 750 000 i 9 zał.) = (with map 1 :750 000 and 9 app.) /cZofia Alexandrowicz [et al.] ; Państwowy Instytut Geologiczny. aWarszawa :bPIG,c1992. a140 s., [1] k. mapa złoż. luz. ;c24 cm. aTekstbtxt2rdacontent aBez urządzenia pośredniczącegobn2rdamedia aWoluminbnc2rdacarrier aKsiążki a1901-2000 a1989-2000 aBibliogr. s. 36-37. 7aDokumentacja2DBN 7aPomniki przyrody2DBN 7aPolska2DBN 7aPraca zbiorowa aOchrona środowiska1 aAlexandrowicz, ZofiaeAutor uhttp://koha.tu.koszalin.pl/cgi-bin/koha/opac-detail.pl?biblionumber=31411yKatalog online BPK 2UKDcKS c31411d31411 00104070aBPKbBPKcwo38770p01222470yKS 00104070aBPKbBPKcwo57969p01544268yKS